书目信息 |
| 题名: |
原子与分子
|
|
| 作者: | 卡普路斯 , Karplus , 波特 , Porter 著 ;王荣顺 , 黄敬安 译 | |
| 分册: | ||
| 出版信息: | 北京 科学出版社 1986 |
|
| 页数: | 625页 | |
| 开本: | 19cm | |
| 丛书名: | ||
| 单 册: | ||
| 中图分类: | O56 | |
| 科图分类: | ||
| 主题词: | 原子物理学 , 分子物理学 | |
| 电子资源: | ||
| ISBN: | ||
| 000 | 00885nam0 2200313 45 | |
| 001 | 0186010037 | |
| 005 | 20040630161721.9 | |
| 010 | @dCNY5.80 | |
| 091 | @a13031.3359 | |
| 100 | @a19900818d1986 kemy0chiy0121 ea | |
| 101 | 1 | @achi@ceng |
| 102 | @aCN@b110000 | |
| 105 | @ay z 000yy | |
| 106 | @ar | |
| 200 | 10 | @a原子与分子@Ayuan zi yu fen zi@f(美)卡普路斯(Karplus,M.), (美)波特(Porter,R.N.)著@g王荣顺, 黄敬安译 |
| 210 | @a北京@c科学出版社@d1986 | |
| 215 | @a625页@d19cm | |
| 606 | @a原子物理学 | |
| 606 | @a分子物理学 | |
| 690 | @aO56@v3 | |
| 701 | 1 | @a卡普路斯@Aka pu lu si@bM.@4著 |
| 701 | A1 | @aKarplus@bM.@4著 |
| 701 | 1 | @a波特@Abo te@bR.N.@4著 |
| 701 | A1 | @aPorter@bR.N.@4著 |
| 702 | 0 | @a王荣顺@Awang rong shun@4译 |
| 702 | 0 | @a黄敬安@Ahuang jing an@4译 |
| 801 | 0 | @aCN@b深圳图书馆@c20040517 |
| 801 | 2 | @aCN@bNLC@c20040517 |
| 905 | @dO56@e26@f1@b202833 | |
| 原子与分子/(美)卡普路斯(Karplus,M.), (美)波特(Porter,R.N.)著/王荣顺, 黄敬安译.-北京:科学出版社,1986 |
| 625页;19cm |
| ISBN :CNY5.80 |
| ● |
| 相关链接 |
|
|
|
|
正题名:原子与分子
索取号:O56/26
 
预约/预借
| 序号 | 登录号 | 条形码 | 馆藏地/架位号 | 状态 | 备注 |
| 1 | 0202832 | 001451315 | 第三借阅区/ [索取号:O56/26] | 在馆 | |
| 2 | 0202833 | 001937131 | 第三借阅区/ [索取号:O56/26] | 在馆 | |
| 3 | 0202834 | 001451501 | 第二样本阅览室/ [索取号:O56/26] | 在馆 |